[Event "Oberliga Bayern9596"]
[Site "Bayern"]
[Date "1995.??.??"]
[Round "?"]
[White "Huch, Rainer"]
[Black "Kirchner, Thomas"]
[Result "0-1"]
[WhiteElo "2140"]
[BlackElo "2125"]

1.d4 Nf6 2.Nf3 g6 3.c4 Bg7 4.Nc3 O-O 5.e4 d6 6.Be2 e5 7.O-O Nc6 8.d5 Ne7
9.Ne1 Ne8 10.Be3 f5 11.f3 f4 12.Bf2 g5 13.c5 Ng6 14.Rc1 h5 15.Nd3 Rf7 16.Qb3 g4
17.cxd6 cxd6 18.Kh1 Bh6 19.Rc2 Nh4 20.Rfc1 g3 21.Bg1 Nxg2 22.Kxg2 Rg7 23.hxg3 fxg3
24.f4 exf4 25.Bf3 Qh4 26.Kf1 Bg4 27.Ne1 Bxf3 28.Nxf3 Qh1 29.Nb5 h4 30.Nbd4 h3
31.Nf5 Rh7 32.Qd3 Bf8 33.Nh2 Nf6 34.Re1 Re8 35.Qf3 Qxf3+ 36.Nxf3 Nxe4 37.Ree2 Rf7
38.N5d4 Bg7 39.Ne6 g2+ 40.Ke1 Ng3 41.Red2 Rf5 42.Kd1 Nf1 43.Rd3 Ne3+ 44.Kd2 Bf6
45.b3 Nxd5 46.Nc7 Nxc7 47.Rxc7 Bd8 48.Rxb7 Bb6 49.Rxb6 axb6 50.Rxd6 Kh7 51.Rd3 b5
52.a3 Kh6 53.Bh2 Kh5 54.Ng1 Re3 55.Rxe3 fxe3+ 56.Kxe3 Kg4 57.a4 b4 58.Kd3 Rf1
59.a5 Ra1 60.Ke4 Rxa5 61.Nf3 Ra3 62.Nd4 Ra1 63.Nf3 Rh1  0-1

[Event "Regionalliga SO9495"]
[Site "Bayern"]
[Date "1995.??.??"]
[Round "1"]
[White "Riediger, Martin"]
[Black "Heubusch, Michael"]
[Result "1-0"]
[WhiteElo "2205"]
[BlackElo "2205"]

1.c4 Nf6 2.Nf3 g6 3.Nc3 Bg7 4.e4 d6 5.d4 O-O 6.Be2 e5 7.O-O Nc6 8.Be3 Bg4
9.d5 Ne7 10.Ne1 Bxe2 11.Qxe2 Nd7 12.Nd3 f5 13.f3 f4 14.Bf2 g5 15.c5 Nf6 16.Rac1 Ne8
17.Rc2 Ng6 18.Rfc1 Rf7 19.Nb5 a6 20.Na3 h5 21.Nc4 Ne7 22.cxd6 cxd6 23.Nb6 Rb8
24.Rc4 Bf6 25.R1c3 Rg7 26.h3 g4 27.fxg4 hxg4 28.hxg4 Bh4 29.Bxh4 Qxb6+ 30.Qf2 Qxf2+
31.Nxf2 b5 32.Rb3 Rh7 33.Bxe7 Rxe7 34.Rc6 Ra8 35.g3 fxg3 36.Rxg3 Rf7 37.Kg2 Rf6
38.Rf3 Kg7 39.Rf5 Ra7 40.Kf3 Rff7 41.Nh3 Kg6 42.Kg3 Rfc7 43.Rxe5 Rxc6 44.Re6+ Kf7
45.Ng5+ Kf8 46.dxc6 a5 47.Rh6 Ra6 48.Rh8+ Ke7 49.Rh7+ Kf6 50.Nf3 b4 51.Kf4 Rxc6
52.g5+ Kg6 53.Re7  1-0

[Event "Regionalliga SO9495"]
[Site "Bayern"]
[Date "1995.??.??"]
[Round "2"]
[White "Hartl, Aldo"]
[Black "Krausser, Helmut"]
[Result "1/2-1/2"]
[WhiteElo "2080"]
[BlackElo "2080"]

1.Nf3 Nf6 2.c4 g6 3.Nc3 Bg7 4.e4 d6 5.d4 O-O 6.Be2 e5 7.O-O Nc6 8.d5 Ne7
9.b4 a5 10.bxa5 Rxa5 11.a4 Nh5 12.Ba3 Nf4 13.Bb4 Ra8 14.c5 f5 15.Nd2 fxe4
16.cxd6 cxd6 17.Ndxe4 Nf5 18.Nb5 Ra6 19.g3 Nxe2+ 20.Qxe2 Qd7 21.Rfd1 Nd4
22.Nxd4 exd4 23.Qb5 Rf5 24.Rac1 Rf8 25.Qxd7 Bxd7 26.a5 Bg4 27.Re1 Bf3 28.Nxd6 Bxd5
29.Ne8 d3 30.Nxg7 Kxg7 31.Bxf8+ Kxf8 32.Red1 Rxa5 33.Rxd3 Bc6 34.h4 Kf7 35.g4 Ra4
36.f3 Ra2 37.Rcd1 Rc2 38.g5 Ke6 39.R1d2 Rxd2 40.Rxd2 Bxf3 41.Kf2 Bd5 42.Ke3 Ke5
43.Rb2 Bc6 44.Rf2 Bd5 45.Rb2 Bc6 46.Rb4 b5 47.Rb2 Kd5 48.Kd3 Bd7 49.Rb4 Bf5+
50.Kc3 Kc5 51.Rd4 Be6 52.Rd8 b4+ 53.Kb2 Kc6 54.Rh8 Kd6 55.Rxh7 Ke5 56.Rb7 Kf4
57.Rxb4+ Kg3 58.Kc3 Bg4 59.Rb6 Kxh4 60.Rxg6 Kh5 61.Rg7 Bf5 62.Kd4 Bg6 63.Ke5 Kxg5
64.Rg8 Kh5 65.Kf6 Bd3  1/2-1/2

[Event "Belgrade Trako"]
[Site "Belgrade"]
[Date "1995.??.??"]
[Round "4"]
[White "Cosma, Ioan"]
[Black "Sahovic, Dragutin"]
[Result "0-1"]
[WhiteElo "2440"]
[BlackElo "2450"]

1.d4 Nf6 2.c4 g6 3.Nc3 Bg7 4.e4 d6 5.Nf3 O-O 6.Be2 e5 7.O-O Nc6 8.d5 Ne7
9.Nd2 Ne8 10.b4 f5 11.c5 Nf6 12.f3 f4 13.Nc4 Rf7 14.a4 g5 15.Ba3 Ng6 16.b5 Bf8
17.b6 axb6 18.cxd6 cxd6 19.Rb1 Ra6 20.Qb3 g4 21.Nxb6 gxf3 22.gxf3 Bh3 23.Bxa6 bxa6
24.Kh1 Bxf1 25.Rxf1 Nh5 26.Ne2 Qh4 27.Rg1 Rg7 28.Nc4 Qh3 29.Rg4 Nh4 30.Ng1 Qf1
31.Qc2 Nxf3 32.Rxg7+ Nxg7 33.Qg2 Qxc4 34.Qxf3 Qxa4 35.Nh3 Qe8 36.Nf2 a5 37.Qc3 Qh5
38.Kg2 h6 39.Qc7 Qe8 40.Ng4 Qg6 41.Kf3 h5 42.Nf2 Ne8 43.Qc6 Be7 44.Qa4 Bh4
45.Qd7 Bxf2 46.Kxf2 Nf6 47.Qe6+ Kg7 48.Qe7+ Kh6 49.Qf8+ Kg5 50.Qe7 Kg4 51.Qe6+ Kh4
52.Kf1 f3  0-1

[Event "Belgrade (Women)"]
[Site "Belgrade"]
[Date "1995.??.??"]
[Round "4"]
[White "Prudnikova, Svetlana"]
[Black "Grabics, Monika"]
[Result "0-1"]
[WhiteElo "2405"]
[BlackElo "2315"]

1.d4 Nf6 2.c4 g6 3.Nc3 Bg7 4.e4 d6 5.Be2 O-O 6.Nf3 e5 7.O-O Nc6 8.d5 Ne7
9.Nd2 a5 10.a3 Nd7 11.Rb1 f5 12.b4 Kh8 13.Qc2 Ng8 14.exf5 gxf5 15.f4 Ne7
16.Nf3 e4 17.Ne1 Nf6 18.Kh1 axb4 19.axb4 c6 20.dxc6 bxc6 21.Be3 d5 22.Rd1 Bb7
23.Bc5 Rg8 24.Qd2 Nd7 25.Bd4 Qf8 26.Nc2 Bxd4 27.Qxd4+ Qg7 28.Ra1 Nf6 29.Ne3 Rxa1
30.Rxa1 c5 31.Qxc5 Nd7 32.Qa7 Qxc3 33.Rg1 Qxb4 34.Qa1+ Rg7 35.Rb1 Qd6 36.Rxb7 d4
37.Qa4 Nc5 38.Qe8+ Rg8 39.Rxe7 dxe3 40.Qf7 Qg6 41.g4 Qxf7 42.Rxf7 Ne6 43.Rxf5 Nd4
44.Re5 Nxe2 45.Rxe4 Rxg4 46.h3 Ng3+  0-1

[Event "Belgrade Trako"]
[Site "Belgrade"]
[Date "1995.??.??"]
[Round "9"]
[White "Cosma, Ioan"]
[Black "Damljanovic, Branko"]
[Result "0-1"]
[WhiteElo "2440"]
[BlackElo "2575"]

1.d4 Nf6 2.c4 g6 3.Nc3 Bg7 4.e4 d6 5.Nf3 O-O 6.Be2 e5 7.O-O Nc6 8.d5 Ne7
9.Nd2 a5 10.a3 Bd7 11.b3 Nc8 12.Qc2 Nb6 13.a4 Nc8 14.Ba3 b6 15.b4 axb4 16.Bxb4 c5
17.dxc6 Bxc6 18.Nd5 Nd7 19.Bg4 Nc5 20.Bxc5 bxc5 21.Nb1 Na7 22.Nbc3 Be8 23.Nb5 Nc6
24.Ndc7 Rb8 25.Nxe8 Rxe8 26.Qd3 Nd4 27.Nxd4 exd4 28.Rfb1 Rxb1+ 29.Rxb1 h5
30.Bd1 Qa5 31.Bc2 Bh6 32.g3 h4 33.Kg2 Qa8 34.Kh1 Bg5 35.Qf3 Kg7 36.Qg4 Bf6
37.Qf4 hxg3 38.hxg3 Re5 39.Qf3 Qa5 40.Qd3 Bd8 41.Kg2 Qa8 42.Kg1 Ba5 43.Rf1 Rh5
44.Qf3 Qc8 45.Bd3 Qd7 46.Bc2 Qe6 47.Bd3 Rh8 48.Rb1 Bb4 49.Kg2 Qh3+ 50.Kg1 Qh2+
51.Kf1 Re8 52.Ke2 Qh6 53.Qf4 Qxf4 54.gxf4 Ra8 55.Ra1 Kf6 56.Kf3 Ke7 57.Bc2 Ke6
58.Rh1 Bd2 59.Rd1 Ba5 60.Rb1 Rh8 61.Kg3 Bb4 62.Ra1 Ra8 63.Rh1 d3 64.Bxd3 Rxa4
65.Rd1 Bc3 66.Kf3 Ra2 67.Bb1 Rb2 68.Bd3 Bd4 69.Be2 f5 70.exf5+ gxf5 71.Rh1 Rb3+
72.Kg2 Rc3 73.Rh6+ Bf6 74.Rg6 Rc2 75.Kf3 Kf7 76.Rh6 Rd2 77.Ke3 Ra2 78.Kf3 Kg7
79.Rh1 Bd4 80.Rh5 Ra3+ 81.Kg2 Kg6 82.Rg5+ Kf6 83.Rh5 Ke6 84.Rh6+ Bf6 85.Bf3 Kf7
86.Bh5+ Ke7 87.Rh7+ Kd8 88.Bg6 Rc3 89.Bxf5 Rxc4 90.Rd7+ Ke8 91.Rxd6 Be7 92.Ra6 Rxf4
93.Bg6+ Kd8 94.f3 Rd4 95.Bf5 Bd6 96.Be4 Ke7 97.Kf1 Kf6 98.Ke2 Kg5  0-1

[Event "Berliner Sommer"]
[Site "Berlin"]
[Date "1995.??.??"]
[Round "4"]
[White "Koetz, A."]
[Black "Bakhtadze, Giorgi"]
[Result "0-1"]
[WhiteElo "1940"]
[BlackElo "2275"]

1.d4 Nf6 2.c4 g6 3.Nc3 Bg7 4.e4 d6 5.Nf3 O-O 6.Be2 e5 7.O-O Nc6 8.d5 Ne7
9.Ne1 Nd7 10.Nd3 f5 11.Bd2 a5 12.Rc1 b6 13.f3 f4 14.a3 Ba6 15.Nf2 g5 16.b4 axb4
17.axb4 h5 18.h3 Rf7 19.Ra1 Bf8 20.Na4 Ng6 21.Qb3 Nh4 22.Rfc1 Rg7 23.Be1 Nf6
24.Nd3 Ng6 25.Nf2 Bc8 26.Nb2 Rb8 27.Rc3 Nh4 28.Qd1 Bd7 29.Nfd3 Ng6 30.Nf2 Nh8
31.Nbd3 Nf7 32.c5 Nh6 33.cxb6 Rxb6 34.Ra7 g4 35.Rcxc7 gxh3 36.Nxh3 Ne8 37.Rab7 Rxb7
38.Rxb7 Rg6 39.Ndf2 Bxh3 40.Nxh3 Qc8 41.Nxf4 exf4 42.Ba6 Qh3 43.Qe2 Nf7 44.Rxf7 Kxf7
45.b5 Bg7  0-1

[Event "Berliner Sommer"]
[Site "Berlin"]
[Date "1995.??.??"]
[Round "6"]
[White "Gleizerov, Evgeny"]
[Black "Bagaturov, Giorgi"]
[Result "0-1"]
[WhiteElo "2540"]
[BlackElo "2465"]

1.d4 Nf6 2.c4 g6 3.Nc3 Bg7 4.e4 d6 5.Nf3 O-O 6.Be2 e5 7.O-O Nc6 8.d5 Ne7
9.Nd2 a5 10.a3 Nd7 11.Rb1 f5 12.b4 Kh8 13.Qc2 Ng8 14.exf5 gxf5 15.f4 exf4
16.Nf3 Ne5 17.Bxf4 axb4 18.axb4 Nh6 19.Qd2 Nxf3+ 20.Bxf3 Nf7 21.Nb5 Bd7 22.Nd4 Ne5
23.Be2 Qf6 24.Be3 Qg6 25.Kh1 Rae8 26.Rbe1 Rg8 27.Bd3 Nxd3 28.Qxd3 Re4 29.Bg1 Rge8
30.Rxe4 fxe4 31.Qd2 Qh5 32.Be3 Kg8 33.Kg1 Ra8 34.Ne6 Bxe6 35.dxe6 Qe5 36.Qd5 Qxd5
37.cxd5 c6 38.Rd1 Ra1 39.Rxa1 Bxa1 40.Bf4 cxd5 41.Bxd6 Kg7 42.g4 Bf6 43.Kf2 Bg5
44.Kg3 Kf6 45.h4 Kxe6  0-1

[Event "Berliner Sommer"]
[Site "Berlin"]
[Date "1995.??.??"]
[Round "7"]
[White "Jensen, J."]
[Black "Hartmann, W."]
[Result "1/2-1/2"]
[WhiteElo "2220"]
[BlackElo "2035"]

1.d4 Nf6 2.c4 g6 3.Nc3 Bg7 4.e4 d6 5.Nf3 O-O 6.Be2 e5 7.O-O Nc6 8.d5 Ne7
9.Ne1 Nd7 10.Nd3 f5 11.Bd2 Nf6 12.f3 f4 13.c5 g5 14.cxd6 cxd6 15.Nf2 h5 16.h3 Rf7
17.a4 Bf8 18.Rc1 Kh8 19.Nb5 Neg8 20.Qc2 g4 21.fxg4 hxg4 22.hxg4 Rg7 23.Nc7 Bxg4
24.Bxg4 Nxg4 25.Nxa8 Nh2 26.Kxh2 Qh4+ 27.Kg1 Rxg2+  1/2-1/2

[Event "Berliner Sommer"]
[Site "Berlin"]
[Date "1995.??.??"]
[Round "8"]
[White "Heinrich, Tobias"]
[Black "Spielmann, Volker"]
[Result "1-0"]
[WhiteElo "2010"]
[BlackElo "1835"]

1.Nf3 Nf6 2.c4 d6 3.d4 g6 4.Nc3 Bg7 5.e4 O-O 6.Be2 Nc6 7.O-O e5 8.d5 Ne7
9.Ne1 Nd7 10.Be3 f5 11.f3 f4 12.Bf2 g5 13.g4 fxg3 14.hxg3 Nf6 15.Kg2 Ng6
16.Be3 Qd7 17.Rh1 g4 18.fxg4 Nxg4 19.Bxg4 Qxg4 20.Nd3 Qxd1 21.Raxd1 Bg4 22.Rdf1 a6
23.c5 Rxf1 24.Rxf1 Rf8 25.Rxf8+ Bxf8 26.b4 h5 27.a4 Be7 28.b5 axb5 29.axb5 Kf7
30.c6 Bc8 31.b6 bxc6 32.bxc7 c5 33.Na4 Bf6 34.Nb6 Ne7 35.Nxc5  1-0

[Event "Berliner Sommer"]
[Site "Berlin"]
[Date "1995.??.??"]
[Round "9"]
[White "Gagarin, Vasilij"]
[Black "Michalczak, Thomas"]
[Result "1-0"]
[WhiteElo "2420"]
[BlackElo "2290"]

1.d4 Nf6 2.Nf3 g6 3.c4 Bg7 4.Nc3 d6 5.e4 O-O 6.Be2 e5 7.O-O Nc6 8.d5 Ne7
9.Nd2 c5 10.dxc6 bxc6 11.Nb3 Be6 12.f4 exf4 13.Bxf4 Ne8 14.Kh1 c5 15.Qc2 Nc6
16.Rad1 Qe7 17.Rd2 Ne5 18.Na5 Rb8 19.Bxe5 Bxe5 20.Nc6 Qh4 21.Nxe5 dxe5 22.Qa4 Qe7
23.Rfd1 Nf6 24.Qa5 Rb7 25.b3 Ra8 26.Bf3 g5 27.Kg1 Kg7 28.g3 h5 29.Na4 Rc7
30.Qc3 g4 31.Bg2 Nd7 32.Qe3 f6 33.Nc3 a6 34.Nd5 Bxd5 35.exd5 Qd6 36.Be4 Rh8
37.Rf1 a5 38.Rdf2 Ra7 39.Rxf6 Qxf6 40.Rxf6 Kxf6 41.Qf2+ Ke7 42.Qf5 Kd8 43.Qg5+ Kc8
44.Bf5 Rb7 45.Qe7  1-0

[Event "Bermuda"]
[Site "Bermuda"]
[Date "1995.??.??"]
[Round "7"]
[White "Pein, Malcolm"]
[Black "Vescovi, Giovanni"]
[Result "0-1"]
[WhiteElo "2415"]
[BlackElo "2465"]

1.Nf3 Nf6 2.c4 g6 3.Nc3 d6 4.d4 Bg7 5.e4 O-O 6.Be2 e5 7.O-O Nc6 8.d5 Ne7
9.Nd2 a5 10.a3 Nd7 11.Rb1 f5 12.b4 axb4 13.axb4 Nf6 14.f3 Bh6 15.c5 Be3+
16.Kh1 dxc5 17.bxc5 Bxc5 18.Nc4 fxe4 19.Bh6 exf3 20.Rxf3 e4 21.Rxf6 Rxf6
22.Nxe4 Nf5 23.Bg5 Be7 24.d6 Re6 25.Bxe7 Nxe7 26.Ng5 Nf5 27.Nxe6 Bxe6 28.dxc7 Qxc7
29.Rc1 Rd8 30.Qe1 Rc8 31.Bd3 Bf7 32.Rc2 Nd4 33.Rc3 b5 34.Qf2 Rd8 35.Qf6 bxc4
36.Bxc4 Ne6 37.Be2 Qf4 38.Qxf4 Nxf4  0-1

[Event "Bern op"]
[Site "Bern"]
[Date "1995.??.??"]
[Round "6"]
[White "Sher, Miron N"]
[Black "Spraggett, Kevin"]
[Result "1/2-1/2"]
[WhiteElo "2510"]
[BlackElo "2520"]

1.c4 Nf6 2.Nc3 g6 3.e4 d6 4.d4 Bg7 5.Nf3 O-O 6.Be2 e5 7.O-O Nc6 8.d5 Ne7
9.Nd2 Ne8 10.b4 f5 11.c5 Kh8 12.a4 Ng8 13.a5 Nh6 14.Bb5 a6 15.Ba4 Nf6 16.exf5 gxf5
17.Nc4 f4 18.f3 Rg8 19.Ra2  1/2-1/2

[Event "Biel Credis op"]
[Site "Biel"]
[Date "1995.??.??"]
[Round "2"]
[White "Sinkovics, Peter"]
[Black "Pytel, Martin"]
[Result "1/2-1/2"]
[WhiteElo "2415"]
[BlackElo "2235"]

1.d4 Nf6 2.Nf3 g6 3.c4 Bg7 4.Nc3 O-O 5.e4 d6 6.Be2 e5 7.O-O Nc6 8.d5 Ne7
9.Nd2 a5 10.Rb1 Bd7 11.b3 c6 12.a3 Qb8 13.b4 axb4 14.axb4 cxd5 15.Nxd5 Nexd5
16.exd5 Bf5 17.Rb2 Rc8 18.Qb3 e4 19.Ra2 Qc7 20.Rxa8 Rxa8 21.Bb2 Qe7 22.Re1 Qc7
23.Bd4 h5 24.h3 h4 25.Qb2 Ne8 26.Bd1 Bh6 27.c5 dxc5 28.bxc5 Qa5 29.Re2 Qd8
30.d6 Ng7 31.Nxe4 Ne6 32.Bf6 Qc8 33.Bb3 Nf4 34.Re3 Nxg2 35.Be7 Nxe3 36.Nf6+ Kh8
37.fxe3 Bxe3+ 38.Kh1 Bh6 39.Qd4 Qc6+ 40.Kh2 Qf3 41.Nh5+  1/2-1/2

[Event "Biel Credis op"]
[Site "Biel"]
[Date "1995.??.??"]
[Round "5"]
[White "Raeber, Markus"]
[Black "Sinkovics, Peter"]
[Result "1/2-1/2"]
[WhiteElo "2115"]
[BlackElo "2415"]

1.d4 Nf6 2.c4 g6 3.Nc3 Bg7 4.e4 d6 5.Nf3 O-O 6.Be2 e5 7.O-O Nc6 8.d5 Ne7
9.b4 a5 10.Ba3 Nd7 11.bxa5 Rxa5 12.Bb4 Ra8 13.a4 h6 14.Nd2 f5 15.a5 Kh8 16.f3 h5
17.Nb3 Bh6 18.Qd3 Ng8 19.c5 Ndf6 20.Nb5 Ne8 21.cxd6 cxd6 22.Nd2 Bxd2 23.Qxd2 f4
24.Rfc1 g5 25.Qc3 Qf6 26.Nc7 Nxc7 27.Qxc7 Rd8 28.a6 bxa6 29.Rc6 Rd7 30.Qb6 Rb7
31.Qa5 Rd7 32.Qa3 Ne7 33.Rxd6 Rxd6 34.Bxd6 Ng6 35.Qc5 Bd7 36.Qc7 Qg7 37.Rb1 Rc8
38.Rb8 Rxb8 39.Qxb8+ Kh7 40.Kf2 g4 41.Qd8 g3+ 42.hxg3 fxg3+ 43.Ke1 h4 44.Bxa6 h3
45.gxh3 g2 46.Bc5 Nf4 47.Qh4+ Kg8 48.Qd8+ Kh7 49.Qh4+ Kg8 50.Qd8+  1/2-1/2

[Event "Biel Credis op"]
[Site "Biel"]
[Date "1995.??.??"]
[Round "6"]
[White "Wyss, Thomas"]
[Black "Sinkovics, Peter"]
[Result "1/2-1/2"]
[WhiteElo "2255"]
[BlackElo "2415"]

1.d4 Nf6 2.Nf3 g6 3.c4 Bg7 4.Nc3 O-O 5.e4 d6 6.Be2 e5 7.O-O Nc6 8.d5 Ne7
9.Nd2 a5 10.Rb1 Nd7 11.a3 f5 12.b4 Kh8 13.Qc2 Nf6 14.f3 axb4 15.axb4 g5 16.exf5 Nxf5
17.Nb3 g4 18.fxg4 Nd4 19.Qd1 Nxe2+ 20.Nxe2 Bxg4 21.h3 Bh5 22.Bg5 Qd7 23.Bxf6 Bxf6
24.Qd2 Qg7 25.Ra1 Bg5 26.Rxa8 Rxa8 27.Qd3 Rg8 28.g4 Bh4 29.Kh2 Bg6 30.Qf3 e4
31.Qe3 h5 32.Nbd4 hxg4 33.hxg4 Bh7 34.Nf5 Qe5+ 35.Kh3 Bg5 36.Qd4 Re8 37.Qxe5+ Rxe5
38.Ned4 Bd2 39.b5 e3 40.Ne2 Re4 41.Rf4 Re5 42.Kg3 Ba5 43.Kf3 Bb6 44.Nfd4 Bd3
45.Ne6 c6 46.Rf8+ Kh7 47.Rf7+ Kg8 48.Rg7+ Kh8 49.Rxb7 cxd5 50.Rxb6 Rxe6 51.cxd5 Be4+
52.Kxe3 Bxd5+ 53.Kd3 Be4+ 54.Ke3 Bf5+ 55.Kf4 Bxg4 56.Kxg4 Rxe2 57.Rxd6 Rb2
58.b6 Kg8 59.Kf5 Kf7 60.Rh6 Rb5+ 61.Ke4 Ke8 62.Kd4 Kd7 63.Kc4 Rb1 64.Kc5 Kc8  1/2-1/2

[Event "Biel op"]
[Site "Biel"]
[Date "1995.??.??"]
[Round "10"]
[White "Heinrich, Tobias"]
[Black "Touzane, Olivier"]
[Result "1/2-1/2"]
[WhiteElo "2010"]
[BlackElo "2250"]

1.d4 Nf6 2.c4 g6 3.Nc3 Bg7 4.e4 d6 5.Nf3 O-O 6.Be2 e5 7.O-O Nc6 8.d5 Ne7
9.Nd2 a5 10.a3 Bd7 11.b3 c6 12.Bb2 c5 13.Rb1 Ne8 14.Bc1 f5 15.b4 axb4 16.axb4 b6
17.bxc5 bxc5 18.Qb3 Kh8 19.Qb6 Qc8 20.Nf3 h6 21.Bd2 g5 22.Qb7 Qd8 23.Qb6 Qc8  1/2-1/2

[Event "Biel Credis op"]
[Site "Biel"]
[Date "1995.??.??"]
[Round "12"]
[White "Alexandria, Nana"]
[Black "Pytel, Martin"]
[Result "0-1"]
[WhiteElo "2350"]
[BlackElo "2235"]

1.d4 Nf6 2.c4 g6 3.Nc3 Bg7 4.e4 d6 5.Be2 O-O 6.Nf3 e5 7.O-O Nc6 8.Be3 Ng4
9.Bg5 f6 10.Bh4 g5 11.Bg3 Nh6 12.dxe5 fxe5 13.c5 g4 14.Nd2 dxc5 15.Nb3 Nd4
16.Bc4+ Kh8 17.Nxc5 c6 18.Ne2 Qe7 19.Nb3 Bd7 20.Nbxd4 exd4 21.Re1 Rad8 22.Nf4 b5
23.Bb3 c5 24.Bd5 Qg5 25.Qc1 Rde8 26.a4 a6 27.axb5 axb5 28.Ra7 Bc8 29.Rxg7 Qxg7
30.Qxc5 Nf5 31.Nh5 Qe7 32.Qxb5 Nxg3 33.hxg3 Qe5 34.Nf4 Rf6 35.Ra1 Ref8 36.Qc4 Rd6
37.Ra7 Rd7 38.Ra8 Rc7 39.Nd3 Rxc4 40.Nxe5 Rc1+ 41.Kh2 Kg7 42.Ra7+ Kf6 43.Nd3 Rd1
44.Bc4 Kg5 45.Rxh7 Rf6 46.Nf4 Rh6+ 47.Rxh6 Kxh6 48.b4 Kg7 49.e5 Bf5 50.e6 Kf8
51.f3 d3 52.fxg4 Be4 53.g5 d2 54.g6 Rh1+ 55.Kxh1 d1=Q+ 56.Kh2 Qd4 57.Be2 Kg7
58.b5 Bxg6 59.Bf3 Be4 60.Bh5 Kf6 61.Bg4 Ke7 62.Be2 Kf6 63.Bg4 Qc5 64.Be2 Ke5
65.Bh5 Kd6 66.Be2 Bf5 67.Bh5 Bxe6 68.Be8 Bc4 69.Bc6 Bxb5 70.Bxb5 Qxb5 71.Nh3 Qe5
72.Ng1 Qh8+ 73.Nh3 Ke5 74.Kg1 Ke4 75.Ng5+ Ke3 76.Nf3 Qg7 77.Nh2 Qa1+ 78.Nf1+ Ke2  0-1

[Event "Bled op"]
[Site "Bled"]
[Date "1995.??.??"]
[Round "2"]
[White "Jelen, Iztok"]
[Black "Praznik, Anton"]
[Result "1/2-1/2"]
[WhiteElo "2420"]
[BlackElo "2265"]

1.d4 Nf6 2.c4 g6 3.Nc3 Bg7 4.e4 d6 5.Nf3 O-O 6.Be2 e5 7.O-O Nc6 8.Be3 Re8
9.dxe5 dxe5 10.h3 Be6 11.c5 Nh5 12.Ng5 Nf4 13.Nxe6 Nxe6 14.Bb5 Rf8 15.Bxc6 bxc6
16.Qa4 Qe8 17.Rad1 f5 18.exf5 gxf5 19.f3 Kh8 20.Rd2 Bf6 21.Kh1 Rg8 22.Re1 Rg7
23.Qc4 Re7 24.g4 Nd4 25.Rf1 Rd8 26.Rfd1 Red7 27.Kg2 h5 28.g5 Bg7 29.f4 Nc2  1/2-1/2

[Event "Bled op"]
[Site "Bled"]
[Date "1995.??.??"]
[Round "3"]
[White "Kovacevic, Blazimir"]
[Black "Taggatz, Mario"]
[Result "1/2-1/2"]
[WhiteElo "2295"]
[BlackElo "2190"]

1.d4 Nf6 2.c4 g6 3.Nc3 Bg7 4.e4 d6 5.Nf3 O-O 6.Be2 e5 7.O-O Nc6 8.d5 Ne7
9.Ne1 Nd7 10.f3 f5 11.Nd3 Nf6 12.g4 c6 13.Be3 b5 14.dxc6 bxc4 15.Nb4 Be6
16.Nbd5 Nxc6 17.Bxc4 Nd4 18.gxf5 gxf5 19.Kh1 Kh8 20.Rg1 Qd7 21.Nxf6 Rxf6
22.Bxd4 exd4 23.Qxd4 Rg6 24.Bxe6 Qxe6 25.Rxg6 hxg6 26.Qd5 Qxd5 27.Nxd5 fxe4  1/2-1/2

[Event "Bled op"]
[Site "Bled"]
[Date "1995.??.??"]
[Round "4"]
[White "Jelen, Igor"]
[Black "Soln, Primoz"]
[Result "1-0"]
[WhiteElo "2360"]
[BlackElo "2270"]

1.d4 Nf6 2.c4 g6 3.Nc3 Bg7 4.e4 d6 5.Nf3 O-O 6.Be2 e5 7.O-O Nc6 8.d5 Ne7
9.Nd2 c6 10.dxc6 bxc6 11.b4 d5 12.Ba3 d4 13.Na4 Rb8 14.Rb1 Ne8 15.b5 cxb5
16.cxb5 Be6 17.Nc5 Nc7 18.Qa4 Re8 19.Nc4 Bxc4 20.Bxc4 Nc8 21.f4 Nb6 22.Bxf7+ Kxf7
23.Qb3+ Nbd5 24.exd5 Qxd5 25.fxe5+ Kg8 26.Nd7 Qxb3 27.Rxb3 Rxb5 28.Nf6+ Bxf6
29.exf6 Kf7 30.Rc1 Rxb3 31.Rxc7+ Kxf6 32.axb3 Re3 33.Bc5 Rxb3 34.Bxd4+ Kf5
35.Rxa7 h5 36.Kf2 Rd3 37.Be3 Rd5 38.Rf7+ Ke6 39.Rc7 Rf5+ 40.Kg3 Ra5 41.Rc6+ Kf7
42.h4 Ra4 43.Bg5 Rg4+ 44.Kf3 Rd4 45.g3 Rd3+ 46.Kf4 Rb3 47.Ke5 Rxg3 48.Rc7+ Kg8
49.Kf6 Rf3+ 50.Kxg6 Rf8 51.Be7  1-0

[Event "Bled op"]
[Site "Bled"]
[Date "1995.??.??"]
[Round "6"]
[White "Jelen, Igor"]
[Black "Arbakov, Valentin"]
[Result "0-1"]
[WhiteElo "2360"]
[BlackElo "2500"]

1.d4 Nf6 2.c4 g6 3.Nc3 Bg7 4.e4 d6 5.Nf3 O-O 6.Be2 e5 7.O-O Nc6 8.d5 Ne7
9.Ne1 Nd7 10.Nd3 f5 11.f3 f4 12.Bd2 g5 13.Rc1 Ng6 14.c5 dxc5 15.Nb5 Rf6 16.Qb3 Kh8
17.Nxc5 c6 18.Na3 Nxc5 19.Rxc5 Bf8 20.Rcc1 cxd5 21.exd5 Rb6 22.Qc2 Qxd5 23.Kh1 Bxa3
24.bxa3 Be6 25.Bc3 Qxa2 26.Qxa2 Bxa2 27.Bd3 Kg7 28.Bxg6 Kxg6 29.Bxe5 Re8
30.Bd4 Ra6 31.Bc5 Rc8 32.Bb4 Rac6 33.Rcd1 b6 34.Rd6+ Rxd6 35.Bxd6 Rc6 36.Bb8 a5
37.Rd1 Kf5 38.h3 b5 39.Bd6 Rc2 40.Re1 Bc4 41.Kg1 h6 42.h4 Rd2 43.Bc7 Ra2
44.Bd6 Rd2 45.Bc7 Rd3 46.hxg5 hxg5 47.Bxa5 Rxa3 48.Bd2 Ra2 49.Bc3 Rc2 50.Ba5 Bd5
51.Rd1 Bc6 52.Rd2 Rc1+ 53.Kf2 Ra1 54.Bd8 Rc1 55.Be7 Rc3 56.Rd8 Rc2+ 57.Kf1 g4
58.fxg4+ Ke6 59.Bg5 Bxg2+ 60.Kg1 f3 61.Rd2 Rc1+ 62.Kf2 Rb1 63.Bh6 Rb4 64.Kg3 Rb3
65.Kf2 Bh3 66.Rd4 Bg2 67.Rd2 Rb1 68.Bg7 Kf7 69.Bh8 Rh1 70.Bc3 Rc1 71.Ba5 Ra1
72.Bb6 Rb1 73.Bd4 Rb4 74.Be3 Bh3 75.Kxf3 Bxg4+ 76.Kg3 Bf5 77.Rd4 Rb1 78.Kf4 Ke6
79.Bd2 Rh1 80.Bb4 Rf1+ 81.Ke3 Bc2 82.Kd2 Bb3 83.Kc3 Bc4 84.Rd2 Rf3+ 85.Kd4 Rb3
86.Kc5 Ke5 87.Rd8 Rb1 88.Re8+ Kf5 89.Re3 Rd1 90.Re1 Rd5+ 91.Kb6 Bd3 92.Rh1 Be2
93.Re1 Re5 94.Bc5 Re6+ 95.Ka5 Re5 96.Kb6 Ke6 97.Rc1 Kd5 98.Bf8 Rf5 99.Be7 Bd3
100.Rc3 Kd4 101.Bb4 Rf6+ 102.Rc6 Rf1 103.Rh6 Rb1 104.Rh4+ Kd5 105.Bc5 Be4
106.Rh5+ Kc4 107.Rh4 Re1 108.Rg4 b4 109.Bf8 b3 110.Bg7 Re2 111.Kc7 Kb4 112.Rh4 Ka3
113.Rh6 Bd3 114.Bf8+ Ka2 115.Bg7 Re7+  0-1

[Event "Bled op"]
[Site "Bled"]
[Date "1995.??.??"]
[Round "7"]
[White "Florjancic, Rudolf"]
[Black "Soln, Primoz"]
[Result "0-1"]
[WhiteElo "2155"]
[BlackElo "2270"]

1.d4 Nf6 2.Nf3 g6 3.c4 Bg7 4.Nc3 O-O 5.e4 d6 6.Be2 e5 7.O-O Nc6 8.d5 Ne7
9.b3 Ne8 10.Nd2 f5 11.Bb2 c5 12.dxc6 bxc6 13.Qc2 Be6 14.Rad1 Qc7 15.Na4 g5
16.exf5 Bxf5 17.Bd3 Bxd3 18.Qxd3 d5 19.Qg3 h6 20.Rfe1 Ng6 21.cxd5 cxd5 22.Qd3 Nf4
23.Qb1 e4 24.f3 Nd3 25.Re2 Bxb2 26.Nxb2 Qb6+ 27.Kf1 Nf4 28.Ree1 Nf6 29.Na4 Qc7
30.Kg1 Nd3 31.Re2 Rae8 32.fxe4 Nf4 33.Ree1 Ng4 34.e5 Rxe5 35.Rxe5 Qxe5 36.Nf1 Ne2+  0-1

[Event "Bled op"]
[Site "Bled"]
[Date "1995.??.??"]
[Round "8"]
[White "Truta, Srecko"]
[Black "Guid, Matej"]
[Result "0-1"]
[WhiteElo "2235"]
[BlackElo "2130"]

1.d4 Nf6 2.Nf3 g6 3.c4 Bg7 4.Nc3 O-O 5.e4 d6 6.Be2 e5 7.O-O Nc6 8.d5 Ne7
9.Nd2 Nd7 10.b4 f5 11.c5 Nf6 12.f3 f4 13.Nc4 g5 14.a4 Ng6 15.Ba3 Rf7 16.a5 Bf8
17.c6 b6 18.Bb2 h5 19.axb6 cxb6 20.Nb5 g4 21.c7 Rxc7 22.Nxb6 Rc1 23.Qxc1 Qxb6+
24.Kh1 Bd7 25.Qc7 Qe3 26.Rfe1 Qf2 27.Nxd6 Nh4 28.Rg1 Qxe2 29.Bxe5 Bxd6 30.Qxd6 Nxe4
31.fxe4 f3 32.g3 f2 33.gxh4 Qxe4+ 34.Rg2 Qe1+ 35.Rxe1 fxe1=Q+ 36.Rg1 Qe4+
37.Rg2 Rf8 38.Bf6 Rc8 39.h3 Rc2 40.Qg3 Qxd5 41.hxg4 Qxg2+ 42.Qxg2 Bc6 43.Qxc6 Rxc6
44.Bd4 hxg4 45.Bxa7 Rc2 46.Kg1 Rb2 47.Bf2 Rxb4 48.Kg2 Rb3 49.Bg3 Kf7 50.h5 Rb2+
51.Bf2 Kg7 52.Kg3 Kh6 53.Be3+ Kxh5 54.Bf2 Rb3+ 55.Kg2 Kg5 56.Be1 Kf5 57.Ba5 g3
58.Kh3 Ke4 59.Bc7 Kf3 60.Bxg3 Rb7  0-1

[Event "Bled op"]
[Site "Bled"]
[Date "1995.??.??"]
[Round "9"]
[White "Soffer, Ram"]
[Black "Soln, Primoz"]
[Result "1/2-1/2"]
[WhiteElo "2535"]
[BlackElo "2270"]

1.c4 Nf6 2.Nc3 g6 3.d4 Bg7 4.e4 d6 5.Be2 O-O 6.Nf3 e5 7.O-O Nc6 8.d5 Ne7
9.Bg5 Nh5 10.Ne1 Nf4 11.Nd3 Nxe2+ 12.Qxe2 h6 13.Bd2 g5 14.g4 Ng6 15.f3 Nf4
16.Nxf4 exf4 17.Nd1 c6 18.Bc3 Qb6+ 19.Qf2 cxd5 20.cxd5 Bd7 21.Qxb6 axb6 22.Bxg7 Kxg7
23.Nc3 b5 24.a3 Kf6 25.Na2 Rac8 26.Rac1 Rc4 27.Nb4 Rfc8 28.Rcd1 Ke7 29.Rfe1 f6
30.Kf2 h5 31.h3 h4 32.Ke2 Kd8 33.Kd3 Be8 34.Rd2 Rc1 35.Rdd1 R1c4 36.Rg1 Bd7
37.Rg2 Rc1 38.Rgg1 R1c4 39.Rg2 Rc1 40.Rgd2 R1c5 41.Ke2 Be8 42.Rd3 Kc7 43.Kd2 Kb6
44.Rc3 Rxc3 45.bxc3 Ra8 46.Ra1 Bd7 47.Kc2 Rc8 48.Kb3 Re8 49.Rg1 Rc8 50.Rh1 Be8
51.Nc2 Bd7 52.Nd4 Kc5 53.Rd1 Re8 54.Rd2 Re7 55.Kb2 Re8 56.Nb3+ Kb6 57.Nd4 Kc5
58.Nb3+ Kb6 59.Rd4 Rc8 60.Nd2 Ra8 61.Rb4 Kc5 62.Nb3+ Kb6 63.Nc1 Rc8 64.Nd3 Be8
65.Kb3 Ka5 66.Ne1 Bd7 67.Nc2 Kb6 68.Nd4 Kc5 69.Kb2 Ra8 70.Nb3+ Kb6 71.Nc1 Rc8
72.Nd3 Be8 73.Kb3 Ka5 74.Ne1 Bd7 75.Nc2 Kb6 76.a4 Ka6 77.axb5+ Bxb5 78.c4 Bd7
79.Nd4 b6 80.Nb5 Bxb5 81.Rxb5  1/2-1/2

[Event "Bonn GSK-2"]
[Site "Bonn"]
[Date "1995.??.??"]
[Round "8"]
[White "Gurevich, Mikhail"]
[Black "Von Gleich, Alexander"]
[Result "1-0"]
[WhiteElo "2585"]
[BlackElo "2340"]

1.c4 Nf6 2.Nc3 g6 3.e4 d6 4.d4 Bg7 5.Be2 O-O 6.Nf3 e5 7.O-O Nc6 8.d5 Ne7
9.Nd2 a5 10.a3 Bd7 11.b3 c6 12.Bb2 Nc8 13.Kh1 Bh6 14.Nf3 cxd5 15.exd5 Qb6
16.a4 Ng4 17.h3 Nf6 18.Nd2 Qd8 19.c5 Ne8 20.Nc4 Qh4 21.Bg4 f5 22.g3 Qd8 23.Be2 f4
24.Bg4 Nf6 25.Be6+ Bxe6 26.dxe6 Qe8 27.cxd6 Qxe6 28.g4 Ra6 29.Nb5 Nd7 30.Nc7 Qf6
31.Qd5+ Rf7 32.Nxe5 Nxe5 33.Bxe5 Qh4 34.Kh2 Nb6 35.Qe6 Nd7 36.Qe8+ Bf8 37.Nxa6 bxa6
38.Qe6 Qg5 39.Rae1 f3 40.Bg3 Nc5 41.Qc4  1-0